ბათუმის შოთა რუსთაველის სახელმწიფო უნივერსიტეტის ბიბლიოთეკა

იმუნური სისტემის ასაკობრივი თავისებურებები Т- უჯრედულ სუბპოპულაციებში / (ბიბ.ჩანაწერი № 51760)

000 -ლიდერი
ფიქსირებული სიგრძის საკონტროლო ველი 01762nam a2200265Ia 4500
001 - საკონტროლო ნომერი
საკონტროლო ველი 18752
003 - საკონტროლო ნომრის იდენტიფიკატორი
საკონტროლო ველი GE_BSU
005 - ბოლო ოპერაციის თარიღი და დრო
საკონტროლო ველი 20210405174515.0
008 - ფიქსირებული სიგრძის მონაცემთა ელემენტები - ზოგადი ინფორმაცია
ფიქსირებული სიგრძის საკონტროლო ველი 181216s2016 ge |||||||||||||| ||geo||
040 ## - კატალოგიზაციის წყარო
Transcribing agency GE_BSU
041 ## - ენის კოდი
Language code of text/sound track or separate title geo
080 ## - უნივერსალური ათობითი კლასიფიკაციის ინდექსი
Universal Decimal Classification number 61 ლ-26
100 ## - მთავარი ჩანაწერი - პიროვნების სახელი
Personal name ლასარეიშვილი, ბესარიონ
9 (RLIN) 11080
245 ## - ცნობა სათაურის შესახებ
Title იმუნური სისტემის ასაკობრივი თავისებურებები Т- უჯრედულ სუბპოპულაციებში /
Statement of responsibility, etc ბესარიონ ლასარეიშვილი; სამეცნიერო ხელმძღვანელები: თინათინ ჩიქოვანი, ია ფანცულაია; თბილისის სახელმწიფო უნივერსიტეტი.
264 ## - წარმოების, გამოცემის, დისტრიბუციის და სხვა ცნობები
გამოცემის, წარმოების, დისტრიბუციის... ადგილი თბილისი,
გამოცემის, წარმოების, დისტრიბუციის... თარიღი 2016.
300 ## - ფიზიკური აღწერა
Extent 182 გვ.
Other physical details 30 სმ.
504 ## - BIBLIOGRAPHY, ETC. NOTE
Bibliography, etc ბიბლიოგრაფია: გვ.:98-107; 119-120; 128-130; 154-158; 167-168; 181-182.
653 ## - INDEX TERM--UNCONTROLLED
Uncontrolled term დისერტაცია
653 ## - INDEX TERM--UNCONTROLLED
Uncontrolled term იმუნური სისტემის ასაკობრივი თავისებურებები Т-უჯრედულ სუბპოპულაციებში
653 ## - INDEX TERM--UNCONTROLLED
Uncontrolled term მედიცინა
700 ## - ADDED ENTRY--PERSONAL NAME
Personal name ჩიქოვანი,თინათინ
Relator term სამეცნიერო ხელმძღვანელი
9 (RLIN) 11081
700 ## - ADDED ENTRY--PERSONAL NAME
Personal name ფანცულაია, ია
Relator term სამეცნიერო ხელმძღვანელი
9 (RLIN) 11082
710 ## - ADDED ENTRY--CORPORATE NAME
Corporate name or jurisdiction name as entry element თბილისის სახელმწიფო უნივერსიტეტი
9 (RLIN) 11083
942 ## - ADDED ENTRY ELEMENTS (KOHA)
Koha item type წიგნი
Source of classification or shelving scheme
ეგზემპლარები
ჩამოწერის სტატუსი დაკარგული ეგზემპლარის სტატუსი კლასიფიკაციის წყარო ან თაროზე გაწყობის სქემა დაზიანების სტატუსი არ გაიცემა მუდმივი მდებარეობა (დაცვის ადგილი) ამჟამინდელი ადგილსამყოფელი თაროზე განთავსების ადგილი შეძენის თარიღი სრული შენახვის შიფრი შტრიხკოდი ბოლო ოპერაციის თარიღი ეგზემპლარის მიმდევრობითი ნომერი (კეტერი?) ფასის ძალაში შესვლის თარიღი ეგზემპლარის სახეობა
          ბათუმის შოთა რუსთაველის სახელმწიფო უნივერსიტეტის მთავარი ბიბლიოთეკა ბათუმის შოთა რუსთაველის სახელმწიფო უნივერსიტეტის მთავარი ბიბლიოთეკა წიგნსაცავი 2018-12-17 61 ლ-26 255 დისერტ. 2018-12-17 255 2018-12-17 დისერტაცია